000 00387nam a2200157Ia 4500
008 151213s9999 xx 000 0 und d
100 _aGray Dessler
245 _aHuman Resource management
_cGray Dessler
250 _a7th
260 _aNew Delhi
_bPrentic Hall
_c1999
300 _a1544 p.
650 _aManagement
650 _aManagement
700 _aGray Dessler
999 _c1192
_d1192